TALK YOPUR WAY TO SUCCESS WITH PEOPLE (Record no. 357272)

MARC details
000 -LEADER
fixed length control field 003940000a22001450004500
005 - DATE AND TIME OF LATEST TRANSACTION
control field 20120302062637.0
040 ## - CATALOGING SOURCE
Original cataloging agency ENG
100 ## - MAIN ENTRY--PERSONAL NAME
Personal name CERNEY,J.V.
245 ## - TITLE STATEMENT
Title TALK YOPUR WAY TO SUCCESS WITH PEOPLE
250 ## - EDITION STATEMENT
Edition statement 9TH
260 ## - PUBLICATION, DISTRIBUTION, ETC. (IMPRINT)
Place of publication, distribution, etc GHAZIABAD: TARANG PAPERBACKS , 1984
300 ## - PHYSICAL DESCRIPTION
Extent 204 P.
650 ## - SUBJECT ADDED ENTRY--TOPICAL TERM
Topical term or geographic name as entry element SANKIRNA/ SELF IMPROVEMENT / WORD POWER/ COMMUNICATION/ SPEECH MAKING
942 ## - ADDED ENTRY ELEMENTS (KOHA)
Koha item type Book
Holdings
Withdrawn status Lost status Damaged status Not for loan Home library Current library Date acquired Total Checkouts Barcode Date last seen Price effective from
        Institute For Oriental Study, Thane Institute For Oriental Study, Thane 12/02/2009   IOS-E 18328 12/02/2009 12/02/2009